000 00782nam a2200217Ia 4500
005 20241129111338.0
008 241129s9999||||xx |||||||||||||| ||und||
037 _aTB
040 _aCRL
_bpun
_cCRL
041 _apun
_2pun
084 _aQ8441:21x 153Q3
_qCRL
100 _aਤਤਲੇ, ਸੰਤਾ ਸਿੰਘ, ਚ।
245 0 _aਤੱਤ ਸਾਗਰ ਭਾਈ ਗੁਰਦਾਸ
_cਤਤਲੇ, ਸੰਤਾ ਸਿੰਘ, ਚ।
260 _aਅੰਮ੍ਰਿਤਸਰ, ਭਾਰਤ
_bਅੰਮ੍ਰਿਤਸਰ ਗੁਰੂ ਨਾਨਕ ਦੇਵ ਯੂਨੀਵਰਸਿਟੀ
_c2013
300 _a360ਪ੍ਰ0
365 _aINR
_b400
490 _vV.1
650 _aSikhismReligion
942 _cTB
_hQ8441:21x 153Q3
999 _c1230033
_d1230033